Ghost /

"Ghost, a naturally talented runner and troublemaker, is recruited for an elite middle school track team. He must stay on track, literally and figuratively, to reach his full potential"--

Bibliographic Details
Main Author: Reynolds, Jason (Author)
Format: Book
Language:English
Published: New York : Atheneum Books For Young Readers, [2016]
Edition:First Edition.
Series:Reynolds, Jason. Track ; bk. 1.
Subjects:

MARC

Tag First Indicator Second Indicator Subfields
LEADER 00000cam a2200000 i 4500
001 in00003724721
008 160817s2016 nyu c 000 1 eng
005 20240705223214.9
010 |a  2016029678 
019 |a 939707122 
020 |a 9781481450157 (hardback) 
020 |a 1481450158 (hardback) 
020 |a 9781481450164 (paperback) 
020 |a 1481450166 (paperback) 
020 |z 9781481450171 (ebook) 
024 8 |a 40026463922 
035 |a (OCoLC)ocn956984836 
035 |a (OCoLC)956984836 
040 |a DLC  |b eng  |e rda  |c DLC  |d GO3  |d MCT  |d YDXCP  |d BTCTA  |d SINLB  |d OJ4  |d NYP  |d VP@  |d OCLCF  |d OLC 
042 |a lcac  |a pcc 
049 |a TXAM 
050 0 0 |a PZ7.R33593  |b Gh 2016 
082 0 0 |a [Fic]  |2 23 
084 |a JUV032000  |a JUV039020  |a JUV039060  |2 bisacsh 
100 1 |a Reynolds, Jason,  |e author. 
245 1 0 |a Ghost /  |c Jason Reynolds. 
250 |a First Edition. 
264 1 |a New York :  |b Atheneum Books For Young Readers,  |c [2016] 
300 |a 181 pages ;  |c 22 cm. 
336 |a text  |b txt  |2 rdacontent 
337 |a unmediated  |b n  |2 rdamedia 
338 |a volume  |b nc  |2 rdacarrier 
490 1 |a Track ;  |v book 1 
500 |a "A Caitlyn Dlouhy Book." 
521 1 |a Ages 10 up. 
520 |a "Ghost, a naturally talented runner and troublemaker, is recruited for an elite middle school track team. He must stay on track, literally and figuratively, to reach his full potential"--  |c Provided by publisher. 
586 |a American Library Association Notable Children's Bk 
650 1 |a Running  |v Fiction. 
650 1 |a Track and field  |v Fiction. 
650 1 |a Self-realization  |v Fiction. 
650 1 |a Coaches (Athletics)  |v Fiction. 
650 7 |a JUVENILE FICTION / Sports & Recreation / General.  |2 bisacsh 
650 7 |a JUVENILE FICTION / Social Issues / Adolescence.  |2 bisacsh 
650 7 |a JUVENILE FICTION / Social Issues / Friendship.  |2 bisacsh 
650 0 |a Runners (Sports)  |v Juvenile fiction. 
650 0 |a Sprinting  |v Juvenile fiction. 
650 0 |a Emotional problems  |v Juvenile fiction. 
650 0 |a Fathers and sons  |v Juvenile fiction. 
650 0 |a Middle schools  |v Juvenile fiction. 
650 0 |a Schools  |v Juvenile fiction. 
650 7 |a Fathers and sons.  |2 fast  |0 (OCoLC)fst00921899 
650 7 |a Middle schools.  |2 fast  |0 (OCoLC)fst01020553 
650 7 |a Runners (Sports)  |2 fast  |0 (OCoLC)fst01101341 
650 7 |a Sprinting.  |2 fast  |0 (OCoLC)fst01130971 
655 7 |a Fiction.  |2 fast  |0 (OCoLC)fst01423787 
655 7 |a Juvenile works.  |2 fast  |0 (OCoLC)fst01411637 
800 1 |a Reynolds, Jason.  |t Track ;  |v bk. 1. 
945 |b 837674 
947 |a A14813767200 
948 |a Cataloged  |b h  |c 2016/11/3  |d c  |e AReeder 
994 |a 92  |b TXA 
999 f f |s b0e1b961-1d50-3930-a4a9-cc12fbce5b36  |i 7c949242-4168-32ad-b07e-4f4d2f5a5aee  |t 0 
952 f f |p normal  |a Texas A&M University  |b College Station  |c Sterling C. Evans Library  |d Evans: Curriculum Collection (4th floor)  |t 0  |e PZ7.R33593 Gh 2016  |h Library of Congress classification  |i unmediated -- volume  |m A14813767200 
998 f f |a PZ7.R33593 Gh 2016  |t 0  |l Evans: Curriculum Collection (4th floor)